000 00636nam a2200217Ia 4500
001 21765
003 GE_BSU
008 181216s||||||||xx |||||||||||||| ||und||
040 _cGE_BSU
245 _aГосударство и право. №11. Ноябрь 2017.
245 _cГл.ред.А.С.Автономов
260 _aМосква
260 _bНаука
260 _c2017
300 _a127 стр. 29см.
653 _aГосударство и право. №11. Ноябрь 2017.
653 _aПериодика
653 _aპერიოდიკა
653 _aსამართალი
942 _cCR
999 _c54698
_d54698